|
|
|
|
| LEADER |
00000cas a2200000 c 4500 |
| 001 |
166772054 |
| 003 |
DE-627 |
| 005 |
20230414083715.0 |
| 007 |
tu |
| 008 |
941029c19589999sa z| p| 0 |0und c |
| 016 |
7 |
|
|a 011849665
|2 DE-101
|
| 016 |
7 |
|
|a 304314-9
|2 DE-600
|
| 035 |
|
|
|a (DE-627)166772054
|
| 035 |
|
|
|a (DE-576)015213730
|
| 035 |
|
|
|a (DE-599)ZDB304314-9
|
| 035 |
|
|
|a (OCoLC)1371231690
|
| 035 |
|
|
|a (OCoLC)310853632
|
| 040 |
|
|
|a DE-627
|b ger
|c DE-627
|e rakwb
|
| 044 |
|
|
|c XC-ZA
|
| 082 |
0 |
4 |
|a 370
|q DE-600
|
| 084 |
|
|
|a 1
|2 ssgn
|
| 110 |
2 |
|
|e VerfasserIn
|0 (DE-588)1055769-6
|0 (DE-627)100328156
|0 (DE-576)191472506
|4 aut
|a Potchefstroom University for Christian Higher Education
|
| 245 |
1 |
0 |
|a Verslag van die rektor oor die werksaamhede van die Potchefstroomse Universiteit vir Christelike Hoër Onderwys
|
| 264 |
3 |
1 |
|a Potchefstroom
|b Univ.
|c 1958-
|
| 336 |
|
|
|a Text
|b txt
|2 rdacontent
|
| 337 |
|
|
|a ohne Hilfsmittel zu benutzen
|b n
|2 rdamedia
|
| 338 |
|
|
|a Band
|b nc
|2 rdacarrier
|
| 362 |
0 |
|
|a Nachgewiesen 1958 -
|
| 363 |
0 |
1 |
|i 1958
|
| 655 |
|
7 |
|a Zeitschrift
|0 (DE-588)4067488-5
|0 (DE-627)10454466X
|0 (DE-576)20917000X
|2 gnd-content
|
| 951 |
|
|
|a JT
|
| ELC |
|
|
|b 1
|
| ITA |
|
|
|a 1
|t 1
|
| LOK |
|
|
|0 000 xxxxxcy a22 3n 4500
|
| LOK |
|
|
|0 001 2115193547
|
| LOK |
|
|
|0 003 DE-627
|
| LOK |
|
|
|0 004 166772054
|
| LOK |
|
|
|0 005 20130620041015
|
| LOK |
|
|
|0 008 880929||||||||||||||||ger|||||||
|
| LOK |
|
|
|0 035
|a (DE-600)022557156
|
| LOK |
|
|
|0 040
|a DE-21
|c DE-627
|d DE-21
|
| LOK |
|
|
|0 092
|o l
|u 011
|
| LOK |
|
|
|0 852
|8 1
|
| LOK |
|
|
|0 852
|a DE-21
|
| LOK |
|
|
|0 852 1
|c ZA 4568
|9 00
|
| LOK |
|
|
|0 85900
|8 1.1
|i 1958
|
| LOK |
|
|
|0 85910
|8 1.2
|i 1977
|
| LOK |
|
|
|0 86630
|a 1958 - 1977
|z [N=1967]
|
| LOK |
|
|
|0 939
|a 08-12-99
|b z01
|
| ORI |
|
|
|a SA-MARC-ixtheoa001.raw
|
| REL |
|
|
|a 1
|
| SUB |
|
|
|a REL
|